الشامل فى الدعاوى الجنائية : (Record no. 73314)
[ view plain ]
| 000 -LEADER | |
|---|---|
| fixed length control field | 02025nam a2200313 i 4500 |
| 003 - CONTROL NUMBER IDENTIFIER | |
| control field | EG-GICUC |
| 005 - DATE AND TIME OF LATEST TRANSACTION | |
| control field | 20260425101041.0 |
| 008 - FIXED-LENGTH DATA ELEMENTS--GENERAL INFORMATION | |
| fixed length control field | 260425s2014 ua |||fr|||| 00| 0 ara d |
| 040 ## - CATALOGING SOURCE | |
| Original cataloging agency | EG-GICUC |
| Language of cataloging | ara |
| Transcribing agency | EG-GICUC |
| Modifying agency | EG-GICUC |
| Description conventions | rda |
| 041 0# - LANGUAGE CODE | |
| Language code of text/sound track or separate title | Ara |
| 082 04 - DEWEY DECIMAL CLASSIFICATION NUMBER | |
| Edition number | 21 |
| Classification number | 343.33 |
| Item number | إ ب . ش |
| 092 04 - LOCALLY ASSIGNED DEWEY CALL NUMBER (OCLC) | |
| Edition number | 21 |
| 099 ## - LOCAL FREE-TEXT CALL NUMBER (OCLC) | |
| Classification number | Law1 10 343.33 إ ب . ش 2014 |
| 100 0# - MAIN ENTRY--PERSONAL NAME | |
| Personal name | إبراهيم عبدالخالق |
| Relator term | مؤلف. |
| 245 12 - TITLE STATEMENT | |
| Title | الشامل فى الدعاوى الجنائية : |
| Remainder of title | شرح عملي لكافة الدعاوى الجنائية المهمة والعملية في ضوء أراء الفقه والقضاء والتعليمات العامة للنيابات مع إلقاء الضوء على القيد والوصف الخاص بكل دعوى والدفوع الخاصة بها مع نماذج من صيغ الجنح المباشرة. |
| Number of part/section of a work | المجلد الأول، |
| Name of part/section of a work | التزييف والتزوير : جرائم التقليد : تقليد الأختام والتمفات والعلامات التزوير في المحررات - صور مخففة من التزوير : الطعن بالتزوير وإجراءاته جريمة السرقة والشروع فيها : أركانها وعقوبتها والظروف المشددة لها السرقات بين الأزواج والأصول والفروع - النصب والإحتيال والجرائم الملحقة بهما / |
| Statement of responsibility, etc. | المستشار إبراهيم عبدالخالق. |
| 250 ## - EDITION STATEMENT | |
| Edition statement | الطبعة الثالثة |
| 264 #1 - PRODUCTION, PUBLICATION, DISTRIBUTION, MANUFACTURE, AND COPYRIGHT NOTICE | |
| Place of production, publication, distribution, manufacture | القاهرة : |
| Name of producer, publisher, distributor, manufacturer | دار شادى، |
| Date of production, publication, distribution, manufacture, or copyright notice | 2014. |
| 300 ## - PHYSICAL DESCRIPTION | |
| Extent | 424 ؛صفحة |
| Dimensions | 24 سم. |
| 336 ## - CONTENT TYPE | |
| Source | rda content |
| Content type term | text |
| 337 ## - MEDIA TYPE | |
| Source | rda media |
| Media type term | Computer |
| 338 ## - CARRIER TYPE | |
| Source | rda carrier |
| Carrier type term | Online Resource |
| 546 ## - LANGUAGE NOTE | |
| Language note | النص باللغة العربية |
| 650 1# - SUBJECT ADDED ENTRY--TOPICAL TERM | |
| Topical term or geographic name entry element | الدعوى الجنائية = الدعوى العمومية |
| Source of heading or term | qrmak |
| 650 1# - SUBJECT ADDED ENTRY--TOPICAL TERM | |
| Topical term or geographic name entry element | القانون الجنائى |
| Source of heading or term | qrmak |
| 651 1# - SUBJECT ADDED ENTRY--GEOGRAPHIC NAME | |
| Source of heading or term | qrmak |
| 856 40 - ELECTRONIC LOCATION AND ACCESS | |
| Uniform Resource Identifier | <a href="https://fll.law.cu.edu.eg/fulltext/bks/B10-10742.pdf">https://fll.law.cu.edu.eg/fulltext/bks/B10-10742.pdf</a> |
| 905 ## - Cataloger and Reviser Names | |
| Cataloger Name: | Yasmin Sayed |
| 942 ## - ADDED ENTRY ELEMENTS (KOHA) | |
| Source of classification or shelving scheme | Dewey Decimal Classification |
| Koha item type | Books |
| Edition | 21 |
| Suppress in OPAC | No |
| Withdrawn status | Lost status | Source of classification or shelving scheme | Damaged status | Not for loan | Collection | Home library | Current library | Date acquired | Total checkouts | Full call number | Barcode | Date last seen | Copy number | Price effective from | Koha item type |
|---|---|---|---|---|---|---|---|---|---|---|---|---|---|---|---|
| Dewey Decimal Classification | Not for loan | القانون الجنائي | جــــامعة القــاهرة | مكتبة كلية الحقوق - المبنى الرئيسي | 25.04.2026 | Law1 10 343.33 إ ب . ش 3 ed - 2014 1010742 V1, C1 | B10-10742 | 25.04.2026 | 1 | 25.04.2026 | Books |